Ensayo sobre el pensamiento hebreo
Zapisane w:
| 1. autor: | |
|---|---|
| Format: | Książka |
| Język: | hiszpański |
| Wydane: |
Madrid
Taurus
1962
|
| Seria: | Biblioteca Taurus de Estudios Bíblicos, 1
|
| Hasła przedmiotowe: | |
| Etykiety: |
Dodaj etykietę
Nie ma etykietki, Dołącz pierwszą etykiete!
|
MARC
| LEADER | 00000nam a2200000 a 4500 | ||
|---|---|---|---|
| 001 | UCR2267 | ||
| 003 | CL-VaPUC | ||
| 008 | 980109e19620000SP |||||||||||||||||spa|d | ||
| 082 | 0 | 4 | |a 296 |b TRE |2 21 |
| 100 | 0 | |a Tresmontant, Claude |e author |9 400121 | |
| 245 | 1 | 0 | |a Ensayo sobre el pensamiento hebreo |
| 300 | |a 245 p | ||
| 942 | |c BK | ||
| 945 | |d 19980109 00:00:00 |a rleighto | ||
| 260 | |a Madrid |b Taurus |c 1962 | ||
| 650 | 0 | |a Creación |9 313344 | |
| 650 | 0 | |a Fe |9 308036 | |
| 650 | 0 | |a Filosofía cristiana |9 265980 | |
| 650 | 0 | |a Pensamiento religioso |9 400122 | |
| 583 | |a last modification |c 19980109 00:00:00 |k Rodrigo Vera | ||
| 490 | 0 | |a Biblioteca Taurus de Estudios Bíblicos, 1 | |
| 999 | |c 265523 |d 265521 | ||